| 000 | 00439nam a2200181Ia 4500 | ||
|---|---|---|---|
| 001 | 10173 | ||
| 005 | 20260306161812.0 | ||
| 008 | 260306t1971||||xx |||||||||||||| ||spa|| | ||
| 041 | _aESP | ||
| 082 |
_a907 _bB64 |
||
| 100 |
_aBloch, Marc _eAUT |
||
| 245 | 0 | _aApología de la historia o el oficio del historiador | |
| 260 | _c1971 | ||
| 300 |
_a275 páginas : _c19 cm. |
||
| 650 | _aGEN | ||
| 654 | _aCHU | ||
| 942 |
_cLIB _dJUS _fJUS _2ddc _n |
||
| 999 |
_c10173 _d10173 |
||